01591nab a22002657a 4500003000400000005001700004008004100021040000700062100003000069245023000099260007300329300001300402500003700415505038800452505008200840650001800922650002100940650004000961650005201001650001701053650003301070650004001103700003101143773015101174OSt20251226130343.0190429b xxu||||| |||| 00| 0 spa d cPJ aNeve Piñeira, Julia Ana10aInterpretaciones en tensión sobre la prescripción en delitos contra la integridad sexual cometidos en contextos institucionales : b¿hay responsabilidad del Estado? /cJulia Ana Neve Piñeira, Macarena Ayelén Picardi. cCiudad Autónoma de Buenos Aires :aThomson Reuters La Ley, b2025. ap. 39-47 aCita: TR LALEY AR/DOC/2207/2025. aSumario: I. Introducción.— II. Síntesis del caso y recorrido judicial.— III. El núcleo del debate: prescripción vs. imprescriptibilidad.— IV. Valoración probatoria en delitos contra la integridad sexual.— V. Estándares de revisión de prueba por la Corte Suprema de Justicia de la Nación.— VI. Breve nota sobre el juicio por la verdad.— VII. Conclusiones.  tSi te interesa el texto completo, solicitalo a koha@justierradelfuego.gov.ar  0aDERECHO PENAL 0aDERECHOS HUMANOS 0aDELITOS CONTRA LA INTEGRIDAD SEXUAL 0aDERECHOS DE LAS NIÑAS, NIÑOS Y ADOLESCENTES 0aABUSO SEXUAL 0aCRÍMENES DE LESA HUMANIDAD 0aPRESCRIPCIÓN DE LA ACCIÓN PENAL aPicardi, Macarena Ayelén0 02658tRevista de derecho penal y criminología. Nº 9 - Octubre 2025dCiudad Autónoma de Buenos Aires : Thomson Reuters La Ley, 2017-x00347914